000 00806nam a2200205 i 4500
001 189741
003 ES-MaACL
005 20250915063108.0
007 t|
008 191007s1946 sp ||||1| spa d
100 1 _aMartínez de Campos y Serrano, Carlos,
_d1887-1975
_977985
245 1 4 _aLas campañas del Pacífico y de Extremo Oriente
_b: 1941-1945 /
_cpor Carlos Martinez de Campos y Serrano, Duque de la Torre, Conde de Llovera.
260 _aMadrid :
_bIdea,
_c1946.
300 _a307 p., [7] h. de lám. :
_bmap. ;
_c27 cm.
490 1 _aHistoria de la Segunda Guerra Mundial ;
_v8
650 4 _aGuerra mundial, 1939-1945-
_xCampañas-
_zPacífico.
_9168487
830 0 _aHistoria de la Segunda Guerra Mundial ;
_v8
_9187548
852 _aES-MaACL
_jP-925-7
999 _c189741
_d189741